Logistika skladovania v podniku diplomová práca

Guardado en:
Detalles Bibliográficos
Autor principal: Benkovičová, Katarína
Autor Corporativo: Obchodná fakulta EU. Katedra marketingu
Otros Autores: Drábik, Peter, 1981-
Formato: Libro
Lenguaje:eslovaco
Publicado: Bratislava 2014
Etiquetas: Agregar Etiqueta
Sin Etiquetas, Sea el primero en etiquetar este registro!

MARC

LEADER 00000nbm a2200000 4500
001 0185969
005 20170201094200.8
041 0 |a slo 
044 |a SK 
245 1 0 |a Logistika skladovania v podniku  |b diplomová práca  |c Katarína Benkovičová ; školiteľ: Peter Drábik 
264 1 |a Bratislava  |c 2014 
300 |a 83 s. 
100 1 |a Benkovičová, Katarína 
700 1 |a Drábik, Peter, 1981- 
710 2 |a Obchodná fakulta EU. Katedra marketingu